Marcel Proust's Grasset proofs (Record no. 22365)

MARC details
000 -LEADER
campo de control de longitud fija 00872nam a2200217 i 4500
001 - NÚMERO DE CONTROL
campo de control 22365
003 - IDENTIFICADOR DE NÚMERO DE CONTROL
campo de control ES-MaACL
005 - FECHA Y HORA DE LA ÚLTIMA TRANSACCIÓN
campo de control 20240124150619.0
007 - CAMPO FIJO DE DESCRIPCIÓN FÍSICA--INFORMACIÓN GENERAL
campo de control de longitud fija t|
008 - DATOS DE LONGITUD FIJA--INFORMACIÓN GENERAL
campo de control de longitud fija 021202s1978 xxu ||||1| eng d
100 1# - ENTRADA PRINCIPAL--NOMBRE DE PERSONA
Nombre de persona Alden, Douglas.
9 (RLIN) 19638
245 10 - MENCIÓN DEL TÍTULO
Título Marcel Proust's Grasset proofs
Resto del título : [of " A la recherche du temps perdu "], commentary and variants /
Mención de responsabilidad, etc. by Douglas Alden.
260 ## - PUBLICACIÓN, DISTRIBUCIÓN, ETC.
Lugar de publicación, distribución, etc. Chapel Hill :
Nombre del editor, distribuidor, etc. University of North Carolina,
Fecha de publicación, distribución, etc. 1978.
300 ## - DESCRIPCIÓN FÍSICA
Extensión 561 p. ;
Dimensiones 24 cm.
490 1# - MENCIÓN DE SERIE
Mención de serie North Carolina studies in the Romance languages and literatures ;
Designación de volumen o secuencia 193
600 17 - PUNTO DE ACCESO ADICIONAL DE MATERIA--NOMBRE DE PERSONA
Nombre de persona Proust, Marcel,
Fechas asociadas al nombre 1871-1922-
Subdivisión general Crítica e interpretación
Fuente del encabezamiento o término
9 (RLIN) 137491
600 14 - PUNTO DE ACCESO ADICIONAL DE MATERIA--NOMBRE DE PERSONA
Nombre de persona Proust, Marcel,
Fechas asociadas al nombre 1871-1922
9 (RLIN) 94056
830 0# - PUNTO DE ACCESO ADICIONAL DE SERIE-TÍTULO UNIFORME
Título uniforme North Carolina studies in the Romance languages and literatures ;
Designación de volumen o secuencia 193
9 (RLIN) 182412
852 ## - LOCALIZACIÓN
Ubicación ES-MaACL
Número de control de estantería A-9261
Sublocalización o colección R.98060
Holdings
Estatus retirado Estado de pérdida Estado de daño No para préstamo Biblioteca de origen Biblioteca actual Ubicación en estantería Fecha de adquisición Fuente de adquisición Total de préstamos Signatura topográfica completa Código de barras Visto por última vez Precio de reemplazo Tipo de ítem Koha
        Biblioteca del Ateneo de Madrid Biblioteca del Ateneo de Madrid Depósito 1 17/01/2008     A-9261 1023022 23/02/2023 23/02/2023 Libro impreso